| 000 | 01012nas a2200265 4500 | ||
|---|---|---|---|
| 001 | BR9200725 | ||
| 003 | BR-BrBNA | ||
| 005 | 20231205092310.0 | ||
| 007 | ta | ||
| 008 | 230509b bl.|||p| |||| 00| 00por d | ||
| 040 |
_aBR-BrBNA _bpor _cBiblioteca Nacional de Agricultura |
||
| 041 | _a(Pt) | ||
| 072 | _aH10 | ||
| 100 | 1 | _aMagrini, E.A. | |
| 100 | 1 | _aBotelho, P.S.M. | |
| 245 | 1 | _aParasitismo por Trichogramma galloi (Hymenoptera, Trichogrammatidae)em ovos de Diatraea saccharalis (Lepidoptera, Pyralidae)sobre diferentes plantas | |
| 246 | 1 | _aTrichogramma galloi (Hymenoptera, Trichogrammatidae)parasitism on Diatraea saccharalis (Lepidoptera, Pyralidae)eggs reared on different on different host plants | |
| 650 | _aCANA DE ACUCAR | ||
| 650 | _aBROCA | ||
| 650 | _aHIMENOPTERO | ||
| 650 | _aHOSPEDEIRO | ||
| 773 | 0 |
_tAnais da Sociedade Entomologica do Brasil (Brazil) _xISSN 0301-8059 _g(1991), v. 20(1) p. 109-117 _wBR9200725 |
|
| 909 |
_a202311 _bLúcia _c55 _dLúcia Elande |
||
| 942 |
_2AGRIS _n0 _cANA |
||
| 999 |
_c130753 _d130753 |
||